000 00658nam a2200217Ii 4500
003 JO-AjNU
008 230605s9999||||xx |||||||||||||| ||und||
017 _a292/1968
040 _aJO-AjNU
_bara
_erda
_cJO-AjNU
041 _aara
050 1 4 _aJF 1358.T3.1969
100 3 _aالطماوى، سليمان محمد,
_eauthor
_940986
245 0 0 _aمبادئ علم الادارة العامة
250 _aط4
264 3 1 _aدار الفكر العربي ، 1969
300 _a644ص
336 _atext
_btxt
_2rdacontent
337 _aunmediated
_bn
_2rdamedia
338 _avolume
_bnc
_2rdacarrier
650 4 _aعلم -- ادارة عامة
_940987
999 _aA17437
_c21005
_d21005